<?xml version="1.0" encoding="UTF-8"?>
<record
    xmlns:xsi="http://www.w3.org/2001/XMLSchema-instance"
    xsi:schemaLocation="http://www.loc.gov/MARC21/slim http://www.loc.gov/standards/marcxml/schema/MARC21slim.xsd"
    xmlns="http://www.loc.gov/MARC21/slim">

  <leader>01187    a2200205   4500</leader>
  <controlfield tag="001">53190</controlfield>
  <controlfield tag="005">20260407155806.0</controlfield>
  <controlfield tag="008">260407a2005    arg                 spa d</controlfield>
  <controlfield tag="003">AR-UNSa-BCEJYS</controlfield>
  <datafield tag="040" ind1=" " ind2=" ">
    <subfield code="a">AR-UNSa-BCEJYS</subfield>
    <subfield code="b">spa</subfield>
    <subfield code="c">AR-UNSa-BCEJYS</subfield>
  </datafield>
  <datafield tag="080" ind1=" " ind2=" ">
    <subfield code="a">331.101</subfield>
    <subfield code="x">Cuestiones laborales de car&#xE1;cter general. Teor&#xED;a del trabajo. Ciencia del trabajo </subfield>
  </datafield>
  <datafield tag="245" ind1="1" ind2="0">
    <subfield code="a">Trabajo decente</subfield>
    <subfield code="p">Diagn&#xF3;stico y aportes para la medici&#xF3;n del mercado laboral local</subfield>
  </datafield>
  <datafield tag="020" ind1=" " ind2=" ">
    <subfield code="a">987-9494-68-7</subfield>
  </datafield>
  <datafield tag="264" ind1=" " ind2="1">
    <subfield code="a">Mar del Plata :</subfield>
    <subfield code="b">Ediciones Su&#xE1;rez</subfield>
    <subfield code="c">2005</subfield>
  </datafield>
  <datafield tag="300" ind1=" " ind2=" ">
    <subfield code="a">216 p.</subfield>
    <subfield code="c">22 cm.</subfield>
  </datafield>
  <datafield tag="505" ind1=" " ind2=" ">
    <subfield code="a">1. Acerca de la naturaleza del trabajo - 2. Considraciones y aproximaciones al trabajo decente - 3. La transfiguraci&#xF3;n del mercado de trabajo.Del contexto nacional a la realidad local - 4. Condiciones cr&#xED;ticas de empleo.Una nueva perspectiva de la cuesti&#xF3;n laboral - 5. Reflexiones metodol&#xF3;gicas sobre la medici&#xF3;n de la pobreza.An&#xE1;lisis de su superaci&#xF3;n - 6. Vulnerabilidad social:El camino hacia la exclusi&#xF3;n - 7. Distribuci&#xF3;n de ingresos y desigualdad - 8. Protecci&#xF3;n y des&#xB4;protecci&#xF3;n social</subfield>
  </datafield>
  <datafield tag="942" ind1=" " ind2=" ">
    <subfield code="c">BK</subfield>
  </datafield>
  <datafield tag="590" ind1=" " ind2=" ">
    <subfield code="a">niveau_biblio:m niveau_hierar:0</subfield>
  </datafield>
  <datafield tag="100" ind1="1" ind2=" ">
    <subfield code="a">Lanari, Mar&#xED;a Estela</subfield>
  </datafield>
  <datafield tag="999" ind1=" " ind2=" ">
    <subfield code="c">5130</subfield>
    <subfield code="d">5130</subfield>
  </datafield>
  <datafield tag="952" ind1=" " ind2=" ">
    <subfield code="0">0</subfield>
    <subfield code="1">0</subfield>
    <subfield code="4">0</subfield>
    <subfield code="7">0</subfield>
    <subfield code="a">BCEJYS</subfield>
    <subfield code="b">BCEJYS</subfield>
    <subfield code="c">16</subfield>
    <subfield code="d">2026-04-07</subfield>
    <subfield code="l">0</subfield>
    <subfield code="o">331.101 L243</subfield>
    <subfield code="p">L116206</subfield>
    <subfield code="r">2026-04-07 15:58:06</subfield>
    <subfield code="w">2026-04-07</subfield>
    <subfield code="y">L</subfield>
  </datafield>
</record>
